Country Logic Puzzle by Scambigol #40 - Statistics

General Stats
  • This quiz has been taken 105 times
  • The average score is 71 of 154
Answers on the Map
Answers color-coded by a green-red scale on the quiz's map according to % correct below.
 
Answer Stats
Country % Correct
Bangladesh
64%
India
64%
Brunei
61%
Cambodia
61%
China
61%
East Timor
61%
Estonia
61%
Indonesia
61%
Kazakhstan
61%
Laos
61%
Malaysia
61%
Mongolia
61%
Myanmar
61%
Papua New Guinea
61%
Russia
61%
Thailand
61%
Vietnam
61%
Finland
57%
Norway
57%
Pakistan
57%
Sweden
57%
Algeria
54%
Bhutan
54%
France
54%
Kyrgyzstan
54%
Libya
54%
Mauritania
54%
Morocco
54%
Nepal
54%
Niger
54%
North Korea
54%
Senegal
54%
South Korea
54%
Spain
54%
Tajikistan
54%
Tunisia
54%
Turkmenistan
54%
Uzbekistan
54%
Argentina
50%
Azerbaijan
50%
Belize
50%
Bolivia
50%
Brazil
50%
Canada
50%
Chile
50%
Colombia
50%
Costa Rica
50%
Denmark
50%
Ecuador
50%
El Salvador
50%
Gambia
50%
Georgia
50%
Germany
50%
Guatemala
50%
Guyana
50%
Honduras
50%
Ireland
50%
Luxembourg
50%
Mali
50%
Mexico
50%
Netherlands
50%
Nicaragua
50%
Panama
50%
Peru
50%
Poland
50%
Portugal
50%
United Kingdom
50%
United States
50%
Uruguay
50%
Venezuela
50%
Austria
46%
Belarus
46%
Benin
46%
Burkina Faso
46%
Czech Republic
46%
Ghana
46%
Guinea
46%
Hungary
46%
Ivory Coast
46%
Liberia
46%
Liechtenstein
46%
Moldova
46%
Romania
46%
Serbia
46%
Sierra Leone
46%
Slovakia
46%
Switzerland
46%
Togo
46%
Ukraine
46%
Burundi
43%
Djibouti
43%
Ethiopia
43%
Guinea-Bissau
43%
Kenya
43%
Kosovo
43%
Mozambique
43%
Nigeria
43%
North Macedonia
43%
Rwanda
43%
Somalia
43%
Tanzania
43%
Turkey
43%
Uganda
43%
Albania
39%
Angola
39%
Belgium
39%
Bosnia and Herzegovina
39%
Botswana
39%
Bulgaria
39%
Cameroon
39%
Central African Republic
39%
Chad
39%
Croatia
39%
DR Congo
39%
Egypt
39%
Equatorial Guinea
39%
Eritrea
39%
Eswatini
39%
Gabon
39%
Greece
39%
Iraq
39%
Israel
39%
Italy
39%
Jordan
39%
Lebanon
39%
Lesotho
39%
Montenegro
39%
Namibia
39%
Oman
39%
Rep. of the Congo
39%
Saudi Arabia
39%
Slovenia
39%
South Africa
39%
South Sudan
39%
Sudan
39%
Syria
39%
United Arab Emirates
39%
Yemen
39%
Afghanistan
36%
Iran
36%
Kuwait
36%
Malawi
36%
Monaco
36%
Qatar
36%
Zambia
36%
Zimbabwe
36%
Andorra
32%
Armenia
32%
Suriname
32%
San Marino
29%
Vatican City
29%
Paraguay
25%
Latvia
18%
Lithuania
18%
No matching quizzes found
Score Distribution
Percent of People with Each Score
Percentile by Number Answered
Your Score History
You have not taken this quiz